| 000 | 00383nam a22001697a 4500 | ||
|---|---|---|---|
| 003 | SGT | ||
| 020 | _a9788131261354 | ||
| 082 |
_a611 _bT22S |
||
| 100 | _aSINGH, VISHRAM | ||
| 245 | _aTB. OF CLINICAL NEUROANATOMY | ||
| 250 | _a4TH | ||
| 260 |
_aINDIA _bELSEVIER PUB _c2022 |
||
| 300 | _a274 | ||
| 650 | _aHUMAN ANATOMY | ||
| 653 | _aCLINICAL NEUROANATOMY | ||
| 942 |
_2ddc _cBK _056 |
||
| 999 |
_c25280 _d25280 |
||